000 00753 aa a2200205 4500
008 081020t xxu||||| |||| 00| 0 eng d
010 _aENG-84103
020 _a8176297801
020 _c480.00 (hb)
035 _aEN-67636
082 _a333.4068
245 _aNatural resources and economic development /
_cedited by Padmaja Mishra
260 _aNew Delhi
_bDeep and Deep Publications
260 _c2006
300 _axii,220p
_c22cm
500 _aIncludes bibliographical references and index
700 _aMishra, Padmaja
_ced
942 _2ddc
_cEN
_h333.4068
_mNAT
999 _c17070
_d17070